Score 0/22 Timer 03:00
0 Plays Today
% Correct
Olivia Newton-John
91%
Maria von Trapp
89.7%
Camilla Parker Bowles
88.6%
Martin Van Buren
86.5%
Catherine Zeta-Jones
84.3%
Bashar al-Assad
83.8%
Julia Louis-Dreyfus
82.3%
Daniel Day-Lewis
82.2%
Helena Bonham Carter
81.9%
Kareem Abdul-Jabbar
80.2%
Jackie Joyner-Kersee
74.5%
% Correct
Joseph Gordon-Levitt
72.7%
Misty May-Treanor
69.3%
John Rhys-Davies
68.5%
David Ben-Gurion
67.6%
John le Carré
66.2%
Jada Pinkett Smith
65.7%
Debbie Wasserman Schultz
64.7%
Lana Del Rey
62.9%
Gabriel García Márquez
57.8%
Olivia de Havilland
52.3%
Babe Didrikson Zaharias
50.2%
Remove Ads.
Support Sporcle.
Get the best of Sporcle when you Go Orange. This ad-free experience offers more features, more stats, and more fun while also helping to support Sporcle. Thank you for becoming a member.

You're not logged in!

Compare scores with friends on all Sporcle quizzes.
OR
Log In

Show Comments

Extras

Top Quizzes Today


Score Distribution

Your Account Isn't Verified!

In order to create a playlist on Sporcle, you need to verify the email address you used during registration. Go to your Sporcle Settings to finish the process.

Report this User

Report this user for behavior that violates our Community Guidelines.

Details: